<?xml version="1.0" encoding="UTF-8"?>
<record
    xmlns:xsi="http://www.w3.org/2001/XMLSchema-instance"
    xsi:schemaLocation="http://www.loc.gov/MARC21/slim http://www.loc.gov/standards/marcxml/schema/MARC21slim.xsd"
    xmlns="http://www.loc.gov/MARC21/slim">

  <leader>00710nam a22002057a 4500</leader>
  <controlfield tag="003">OSt</controlfield>
  <controlfield tag="005">20131126101316.0</controlfield>
  <controlfield tag="008">130621s1997    sp ||||| |||| 00| 0 sp  d</controlfield>
  <datafield tag="020" ind1=" " ind2=" ">
    <subfield code="a">8478557067</subfield>
  </datafield>
  <datafield tag="040" ind1=" " ind2=" ">
    <subfield code="c">CDMR</subfield>
  </datafield>
  <datafield tag="245" ind1="0" ind2="0">
    <subfield code="a">Libertad de expresi&#xF3;n</subfield>
    <subfield code="b">: doctrina jurisprudencial</subfield>
    <subfield code="c">coordinador, Eugenio Llamas Pombo ; autores, &#xC1;ngel Baquero Carde&#xF1;oso... [et al.]</subfield>
  </datafield>
  <datafield tag="260" ind1=" " ind2=" ">
    <subfield code="a">Madrid</subfield>
    <subfield code="b">Trivium</subfield>
    <subfield code="c">1997</subfield>
  </datafield>
  <datafield tag="300" ind1=" " ind2=" ">
    <subfield code="a">357 p.</subfield>
  </datafield>
  <datafield tag="650" ind1="0" ind2="4">
    <subfield code="9">3073</subfield>
    <subfield code="a">Llibertat d'expressi&#xF3;</subfield>
  </datafield>
  <datafield tag="650" ind1="0" ind2="4">
    <subfield code="9">3208</subfield>
    <subfield code="a">Periodisme</subfield>
    <subfield code="x">Dret i legislaci&#xF3;</subfield>
  </datafield>
  <datafield tag="650" ind1="0" ind2="4">
    <subfield code="9">3370</subfield>
    <subfield code="a">Mitjans de comunicaci&#xF3; de massa</subfield>
    <subfield code="x">Dret i legislaci&#xF3;</subfield>
  </datafield>
  <datafield tag="700" ind1="1" ind2=" ">
    <subfield code="9">3863</subfield>
    <subfield code="a">Baquero Carde&#xF1;oso, &#xC1;ngel</subfield>
  </datafield>
  <datafield tag="700" ind1="1" ind2=" ">
    <subfield code="9">3862</subfield>
    <subfield code="a">Llamas Pombo, Eugenio</subfield>
    <subfield code="e">coord.</subfield>
  </datafield>
  <datafield tag="942" ind1=" " ind2=" ">
    <subfield code="2">udc</subfield>
    <subfield code="c">MON</subfield>
  </datafield>
  <datafield tag="999" ind1=" " ind2=" ">
    <subfield code="c">6513</subfield>
    <subfield code="d">6513</subfield>
  </datafield>
  <datafield tag="952" ind1=" " ind2=" ">
    <subfield code="0">0</subfield>
    <subfield code="1">0</subfield>
    <subfield code="4">0</subfield>
    <subfield code="7">0</subfield>
    <subfield code="a">CDMR</subfield>
    <subfield code="b">CDMR</subfield>
    <subfield code="d">2013-01-16</subfield>
    <subfield code="l">0</subfield>
    <subfield code="o">Cg 1/33</subfield>
    <subfield code="p">CDMR13066763</subfield>
    <subfield code="r">2013-06-21</subfield>
    <subfield code="w">2013-06-21</subfield>
    <subfield code="y">MON</subfield>
  </datafield>
</record>
